000 00666nam a2200181Ia 4500
008 090124s9999 xx 000 0 und d
082 _b116106
100 _aभागवत अ.ल.
245 _a योगी अ.ल.भागवतांची अमृतवाणी भाग 2 रा
250 _a1
260 _c1975
300 _a105
600 _aभागवत अ.ल.
630 _a योगी अ.ल.भागवतांची अमृतवाणी भाग 2 रा
700 _aभागवत अ.ल.
730 _a योगी अ.ल.भागवतांची अमृतवाणी भाग 2 रा
942 _cBOOK
999 _c162197
_d162197